| 000 | 01364cam a2200349 i 4500 | ||
|---|---|---|---|
| 001 | 13655 | ||
| 003 | BD-JhCC | ||
| 005 | 20240313135241.0 | ||
| 008 | 160311s2017 nju b 001 0 eng | ||
| 020 | _a9780691168883 (hardback) | ||
| 035 | _a(BD-JhCC) | ||
| 040 |
_aDLC _cDLC _erda _dDLC |
||
| 041 | _aenglish | ||
| 050 | 0 | 0 |
_aHD75 _b.M65 2017 |
| 082 | 0 | 0 |
_a330 _223 _bMOK 2017 |
| 084 |
_aBUS023000 _aBUS068000 _aBUS022000 _aBUS069000 _aHIS010000 _2bisacsh |
||
| 100 | 1 | _aMokyr, Joel, | |
| 245 | 1 | 2 |
_aA culture of growth : _bThe origins of the modern economy / _cJoel Mokyr. |
| 260 |
_a Princeton: _bPrinceton University Press; _c2017. |
||
| 300 |
_axiv, 403 pages ; _c24 cm |
||
| 490 | 0 | _aThe Graz Schumpeter lectures | |
| 504 | _aIncludes bibliographical references (pages 343-379) and index. | ||
| 520 | _a" The description for this book, A Culture of Growth: The Origins of the Modern Economy, will be forthcoming. "-- | ||
| 650 | 0 | _aEconomic development. | |
| 650 | 0 | _aEconomic history. | |
| 650 | 7 | _aBUSINESS & ECONOMICS / Economic History. | |
| 650 | 7 | _aBUSINESS & ECONOMICS / Development / Economic Development. | |
| 650 | 7 | _aBUSINESS & ECONOMICS / Economic Conditions. | |
| 650 | 7 | _aBUSINESS & ECONOMICS / Economics / General. | |
| 650 | 7 | _aHISTORY / Europe / General. | |
| 942 |
_2ddc _cBK |
||
| 999 |
_c13655 _d13655 |
||